000 00365nam a2200133Ia 4500
008 240624s9999 xx 000 0 und d
041 _aeng
082 _a658.3124 GUP
100 _aGUPTAN SUNIL UNNY
245 _aEXECUTIVE COACHING A PRACTITIONER S GUID
260 _c2012
_aNew Delhi
_bSage Publications
300 _axiv, : 162 : p. : cm. ; 21
365 _cRS
_b30
999 _c19738
_d19738